000 02954nam a2200349 i 4500
999 _c65564
_d65564
001 768714001
003 CO-MdFUSB
005 20200529162138.0
007 ta
008 200330t2004 |||| |||| 00| 0 eng d
020 _a9780913573327
040 _aCO-MdFUSB
_bspa
_cCO-MdFUSB
_dCO-MdFUSBC
_erda
041 _aeng
_agrc
082 _223
_a487.4
_bh598
100 _aHewett, James Allen.
_eautor
245 1 _a New Testament Greek :
_bA beginning and intermediate grammar.
_c/ James Allen Hewett
264 1 _aMassachusetts :
_bHendrickson Publishers,
_c[2004]
264 4 _c© 2004
300 _a234 pàginas
_c; 24 cm
336 _2rdacontent
_atexto
_btxt
337 _2rdamedia
_asin mediación
_bn
338 _2rdacarrier
_avolumen
_bnc
500 _aColección Dawn Christina Harrell
505 _aComponentes tradicionales de la gramática. -- Significado. -- Alfabeto, ortografía y puntuación. -- Sistema verbal: terminaciones y tiempos activos primarios, modo indicativo. -- Sistemas nominales y abstractos: Segunda declinación: el verbo eiui. -- Sistemas nominales: Primera declinación; oraciones condicionales. -- Sistema nominal; pronombres personales y relativos. -- Sistema nominal; Pronombres demostrativos y reflexivos. -- Sistema estructural de palabras: preposiciones; verbos compuestos -- Sistema verbal: terminaciones y tiempos activos secundarios; tiempo imperfecto; imperfecto de eiui; oraciones condicionales de segunda clase con imperfecto; sistema de resúmenes; adverbios. -- Sistema verbal: tiempo aoristo, voces activas y pasivas -- Sistema verbal: perfecto y Pluperfect activo; oraciones condicionales de segunda clase con el sistema aoristo - verbal: terminaciones medias primarias, modo indicativo; verbos deponentes; futuro de eiui; sistema nominal;
505 0 _apronombres recíprocos -- Sistema verbal: terminaciones de tiempo secundario para voz media / pasiva, modo indicativo -- Sistema nominal: sustantivos masculinos y femeninos de tercera declinación; pronombres interrogativos e indefinidos -- Sistemas nominales y abstractos: sustantivos neutros de tercera declinación; adjetivos y números -- Sistema verbal; verbos contractuales; verbos líquidos sistema de resúmenes: formas comparativas y superlativas -- Sistema verbal: verbos mt . -- participios; formación y participios. -- Funciones de participios: Adjetivo. -- Funciones de participios: adverbiales y complementarios; genitivo absoluto; Tiempos perifrásticos. -- Sistema verbal: el modo subjuntivo. -- Sistema verbal: Infinitivos; discurso indirecto. -- Sistema verbal: estado de ánimo imperativo; estado de ánimo optativo; oraciones condicionales de cuarta clase. -- Sistema nominal: usos de los casos genitivo, dativo y acusativo.
563 _aRùstico
630 0 7 _aBiblia.
_pNuevo Testamento
_2Griego.
650 7 _9489
_aGramática
_xLenguaje
942 _cBK
945 _aJTF-925
_bAEM-53